Statistics for Most Populated Subdivision by Country

Click here to take the quiz!

General Stats

  • This quiz has been taken 23 times
  • The average score is 91 of 193

Answer Stats

CountrySubdivisionPopulationRank
(world)
% Correct
ArgentinaBuenos Aires17.5 mil69th
89%
AfghanistanKabul6.98 mil179th
89%
AndorraAndorra la Vella23.0 k3155th
83%
AzerbaijanBaku2.32 mil595th
83%
BahrainCapital542 k1733rd
83%
AngolaLuanda10.0 mil112th
83%
AlbaniaTiranë933 k1304th
83%
AustriaVienna1.95 mil696th
83%
ArmeniaYerevan1.02 mil1217th
83%
AlgeriaAlgiers3.99 mil348th
78%
BangladeshDhaka46.2 mil30th
78%
BelarusMinsk2.06 mil670th
78%
AustraliaNew South Wales8.28 mil143rd
78%
QatarAd Dawhah1.13 mil1128th
72%
GreeceAttica3.76 mil371st
72%
ColombiaCapital District7.95 mil151st
72%
DenmarkCapital Region1.88 mil724th
72%
IrelandDublin580 k1669th
72%
United KingdomEngland57.1 mil21st
72%
RussiaMoscow12.9 mil92nd
72%
PakistanPunjab123 mil5th
72%
LatviaRīga595 k1647th
72%
Antigua and
Barbuda
Saint John56.8 k2944th
72%
BrazilSão Paulo47.1 mil29th
72%
IranTehran14.8 mil79th
72%
BhutanThimphu163 k2515th
72%
IndiaUttar Pradesh247 mil1st
72%
KazakhstanAlmaty2.13 mil643rd
67%
JordanAmman4.76 mil292nd
67%
IraqBaghdad9.71 mil116th
67%
Guinea-BissauBissau547 k1723rd
67%
United StatesCalifornia40.2 mil36th
67%
FijiCentral400 k1954th
67%
ParaguayCentral2.08 mil665th
67%
IsraelCentral2.31 mil598th
67%
MaltaCentral134 k2591st
67%
BotswanaCentral738 k1485th
67%
Burkina FasoCentre3.42 mil412th
67%
CameroonCentre5.26 mil265th
67%
RwandaEastern3.78 mil370th
67%
Sierra LeoneEastern2.26 mil607th
67%
Bosnia and
Herzegovina
Federation of Bosnia
and Herzegovina
2.06 mil671st
67%
BelgiumFlanders6.76 mil183rd
67%
GhanaGreater Accra6.02 mil212th
67%
GuatemalaGuatemala3.75 mil374th
67%
FranceÎle-de-France12.8 mil93rd
67%
PeruLima10.3 mil109th
67%
PortugalLisbon2.26 mil609th
67%
NetherlandsNetherlands17.5 mil68th
67%
HaitiOuest4.32 mil315th
67%
IcelandReykjavík135 k2589th
67%
JapanTokyo13.5 mil86th
67%
GambiaWest Coast1.03 mil1211th
67%
Sri LankaWestern6.14 mil206th
67%
SerbiaBelgrade1.81 mil757th
61%
BelizeBelize125 k2627th
61%
Saint LuciaCastries70.9 k2872nd
61%
SenegalDakar4.06 mil341st
61%
VietnamHồ Chí Minh9.23 mil124th
61%
D. R. CongoKinshasa14.5 mil80th
61%
CubaLa Habana2.14 mil642nd
61%
ItalyLombardy9.96 mil113th
61%
UruguayMontevideo1.34 mil970th
61%
OmanMuscat1.35 mil964th
61%
KenyaNairobi5.08 mil277th
61%
PanamaPanamá1.81 mil758th
61%
KosovoPristina460 k1853rd
61%
Saint VincentSaint George45.4 k3004th
61%
DominicaSaint George21.7 k3167th
61%
GrenadaSaint George44.6 k3012th
61%
BulgariaSofia City1.31 mil998th
61%
EritreaSouthern972 k1266th
61%
MalawiSouthern8.96 mil126th
61%
MongoliaUlaanbaatar1.60 mil833rd
61%
LithuaniaVilnius785 k1437th
61%
Ivory CoastAbidjan6.19 mil205th
56%
Republic of the
Congo
Brazzaville2.26 mil606th
56%
RomaniaBucharest1.80 mil763rd
56%
HungaryBudapest1.83 mil745th
56%
EgyptCairo11.1 mil104th
56%
MoroccoCasablanca-Settat7.91 mil154th
56%
MoldovaChișinău661 k1565th
56%
United Arab
Emirates
Dubai3.65 mil392nd
56%
ChinaGuangdong127 mil4th
56%
LuxembourgLuxembourg201 k2401st
56%
MaldivesMalé200 k2408th
56%
NicaraguaManagua1.65 mil819th
56%
MexicoMéxico17.3 mil71st
56%
MonacoMonte-Carlo7.97 k3340th
56%
GermanyNorth Rhine-
Westphalia
17.9 mil66th
56%
CanadaOntario15.1 mil78th
56%
KyrgyzstanOsh1.39 mil935th
56%
CambodiaPhnom Penh2.48 mil568th
56%
Costa RicaSan José1.69 mil804th
56%
El SalvadorSan Salvador1.71 mil796th
56%
BoliviaSanta Cruz3.58 mil396th
56%
ChileSantiago7.94 mil152nd
56%
Dominican
Republic
Santo Domingo3.18 mil451st
56%
LiechtensteinSchaan6.09 k3374th
56%
GeorgiaTbilisi1.10 mil1150th
56%
LibyaTripoli1.28 mil1016th
56%
CroatiaZagreb795 k1425th
56%
SwitzerlandZürich1.58 mil840th
56%
YemenAmanat Al Asimah4.28 mil320th
50%
SpainAndalusia8.48 mil141st
50%
ThailandBangkok6.06 mil210th
50%
East TimorDili318 k2109th
50%
DjiboutiDjibouti652 k1579th
50%
North MacedoniaGreater Skopje /
Kumanovo
598 k /
111 k
1644th /
2691st
50%
ZimbabweHarare2.43 mil578th
50%
SloveniaLjubljana371 k1997th
50%
ZambiaLusaka3.22 mil443rd
50%
CyprusNicosia472 k1835th
50%
IndonesiaWest Java49.7 mil25th
50%
SyriaAleppo4.14 mil332nd
44%
Central African
Republic
Bangui1.34 mil974th
44%
BurundiBujumbura Mairie1.38 mil942nd
44%
TanzaniaDar es Salaam5.86 mil225th
44%
TurkeyIstanbul16.0 mil74th
44%
NigeriaKano15.9 mil75th
44%
SudanKhartoum9.13 mil127th
44%
Saudi ArabiaMakkah9.71 mil115th
44%
ChadN'Djamena1.58 mil835th
44%
MontenegroPodgorica194 k2429th
44%
Cape VerdePraia176 k2479th
44%
SwedenStockholm2.46 mil571st
44%
TunisiaTunis1.13 mil1125th
44%
Czech RepublicCentral Bohemia1.38 mil939th
39%
South AfricaGauteng16.0 mil73rd
39%
ComorosGrande Comore425 k1909th
39%
LesothoMaseru648 k1582nd
39%
TaiwanNew Taipei4.38 mil311th
39%
EthiopiaOromia48.0 mil27th
39%
SurinameParamaribo277 k2202nd
39%
Saint Kitts and
Nevis
Saint Kitts35.5 k3066th
39%
UzbekistanSamarqand4.01 mil346th
39%
San MarinoSerravalle11.2 k3295th
39%
MyanmarYangon8.27 mil145th
39%
TuvaluFunafuti6.61 k3368th
33%
PolandMasovia5.98 mil219th
33%
MauritiusMauritius1.25 mil1040th
33%
New ZealandNew Zealand5.22 mil268th
33%
SingaporeNorth East1.38 mil940th
33%
BruneiBrunei-Muara327 k2087th
28%
F. S. MicronesiaChuuk54.4 k2956th
28%
Marshall IslandsMajuro22.9 k3159th
28%
TurkmenistanMary1.47 mil893rd
28%
MalaysiaSelangor7.38 mil163rd
28%
SomaliaSomaliland4.39 mil309th
28%
FinlandUusimaa1.73 mil791st
28%
South KoreaGyeonggi13.5 mil87th
22%
EstoniaHarju611 k1623rd
22%
PalauKoror11.4 k3293rd
22%
BahamasNew Providence304 k2134th
22%
SlovakiaPrešov866 k1350th
22%
NorwayViken1.29 mil1013th
22%
EcuadorGuayas4.55 mil303rd
17%
Equatorial
Guinea
Litoral512 k1784th
17%
EswatiniManzini398 k1956th
17%
PhilippinesSouthern Tagalog
Mainland
17.4 mil70th
17%
TongaTongatapu79.9 k2833rd
17%
BeninAtlantique1.91 mil716th
11%
GuyanaDemerara-Mahaica339 k2062nd
11%
NauruDenigomodu2.09 k3494th
11%
GabonEstuaire1.20 mil1068th
11%
TogoMaritime3.94 mil355th
11%
LebanonMount Lebanon1.50 mil872nd
11%
MozambiqueNampula6.93 mil180th
11%
JamaicaSaint Andrew591 k1653rd
11%
Trinidad and
Tobago
Tunapuna–Piarco249 k2272nd
11%
NigerZinder5.69 mil236th
11%
VenezuelaZulia3.80 mil366th
11%
São Tomé and
Príncipe
Água Grande89.1 k2788th
6%
MadagascarAnalamanga4.24 mil325th
6%
SeychellesCascade6.70 k3366th
6%
HondurasCortés2.03 mil677th
6%
KuwaitFarwaniya1.12 mil1140th
6%
South SudanJonglei1.68 mil812th
6%
GuineaKankan2.65 mil528th
6%
TajikistanKhatlon3.61 mil394th
6%
NamibiaKhomas498 k1804th
6%
NepalMadhesh6.48 mil195th
6%
Solomon IslandsMalaita177 k2474th
6%
LiberiaMontserrado1.74 mil785th
6%
Papua New
Guinea
Morobe956 k1284th
6%
MauritaniaNouakchott-Sud652 k1577th
6%
BarbadosSaint Michael89.9 k2783rd
6%
LaosSavannakhét1.13 mil1134th
6%
VanuatuShefa116 k2672nd
6%
MaliSikasso4.20 mil328th
6%
North KoreaSouth Pyongan4.07 mil340th
6%
SamoaTuamasaga114 k2677th
6%
UgandaWakiso3.73 mil378th
6%

Score Distribution

Percentile by Number Answered

Percent of People with Each Score

Your Score History

You have not taken this quiz